[Event "AUTO-ADV-2522"]
[Site "http://www.queenalice.com/game.php?id=1103532"]
[Date "2012.9.16"]
[Round "2"]
[White "Morau"]
[Black "Pirituba"]
[Result "1-0"]
[WhiteElo "1932"]
[BlackElo "1844"]

1. e4 e5 2. Nf3 Nf6 3. Nxe5 Qe7 4. d4 Nxe4 5. Bd3 d5 6. O-O Bf5 7. Re1 f6 8. Nf3
Bg4 9. h3 Bh5 10. Nc3 Qf7 11. Bxe4 dxe4 12. Rxe4+ Be7 13. Nb5 Na6 14. Bf4 O-O
15. Bxc7 Nxc7 16. Nxc7 Rac8 17. Nb5 a6 18. Nc3 f5 19. Re3 h6 20. Qe1 Rfe8 21. a3
Bg5 22. Rxe8+ Rxe8 23. Qf1 Bxf3 24. gxf3 Qg6 25. Qg2 Kh7 26. Na4 f4 27. c3 Re2
28. b4 Qe6 29. Qf1 Bh4 30. Nc5 Qg6+ 31. Qg2 Qxg2+ 32. Kxg2 Rxf2+ 33. Kg1 Rxf3
34. Nxb7 Rxc3 35. Kg2 f3+ 36. Kf1 f2 37. Nc5 Rxh3 38. Ke2 Rh2 39. Rf1 Rg2 40.
Nxa6 Rg1 41. b5 Rg3 42. b6 Rb3 43. Nb4 Rb2+ 44. Kf3 Rb3+ 45. Kg4 Bg3 46. b7 Rxa3
47. Rxf2 Bxf2 48. b8=Q Bxd4 49. Nd5 Ra4 50. Kf5 Ra5 51. Qd6 Bc5 52. Qe5 g6+ 53.
Ke6 Ra6+ 54. Kd7 Ra7+ 55. Kc6 Bf8 56. Nf6+ Kg7 57. Nd7+ Kg8 58. Qf6 Ra8 59.
Qxg6+ Kh8 60. Nf6 1-0

[Event "AUTO-ADV-2522"]
[Site "http://www.queenalice.com/game.php?id=1103533"]
[Date "2012.9.16"]
[Round "2"]
[White "Pirituba"]
[Black "Morau"]
[Result "0-1"]
[WhiteElo "1858"]
[BlackElo "1918"]

1. e4 e5 2. Nf3 Nf6 3. Nxe5 Qe7 4. d4 d6 5. Nf3 Qxe4+ 6. Be2 Be7 7. O-O O-O 8.
Re1 Qc6 9. Nc3 Re8 10. d5 Qc5 11. Bg5 h6 12. Bxf6 Bxf6 13. Na4 Qb4 14. Nc3 Qxb2
15. Na4 Qb4 16. c3 Bxc3 17. Nxc3 Qxc3 18. Rc1 Qa5 19. Bc4 Rxe1+ 20. Nxe1 Bf5 21.
Nf3 Nd7 22. Nd4 Bg6 23. Qg4 Ne5 24. Qe2 Re8 25. Nb3 Qa4 26. Bb5 Bd3 27. Bxd3
Nxd3 28. Qxd3 Qxa2 29. g3 Re7 30. Nd4 Qxd5 31. Rd1 c6 32. Nf5 Qxd3 33. Rxd3 Re1+
34. Kg2 d5 35. Nd6 Rb1 36. h3 a5 37. h4 b5 38. Nb7 a4 39. Nd8 Rc1 40. Rf3 b4 41.
Rxf7 a3 42. Ra7 c5 43. Ne6 c4 44. Rxg7+ Kh8 45. Ra7 c3 46. Nd4 c2 47. Nb3 Rb1
48. Ra8+ Kg7 49. Rc8 Rxb3 50. Rxc2 d4 51. Kh3 Rc3 52. Rd2 d3 53. f4 b3 54. g4 b2
55. Rxb2 axb2 56. g5 hxg5 57. fxg5 b1=Q 58. Kg4 Qg1+ 59. Kh5 Rc4 0-1

[Event "AUTO-ADV-2522"]
[Site "http://www.queenalice.com/game.php?id=1103536"]
[Date "2012.9.16"]
[Round "2"]
[White "Pirituba"]
[Black "DORLISS"]
[Result "0-1"]
[WhiteElo "1869"]
[BlackElo "1944"]

1. e4 e5 2. Nf3 Nc6 3. Bc4 Nf6 4. Nc3 Nxe4 5. Nxe4 d5 6. Bxd5 Qxd5 7. Nc3 Qe6 8.
Nb5 Bd6 9. O-O O-O 10. Re1 a6 11. Nc3 b5 12. Ng5 Qg6 13. d3 h6 14. Nf3 Re8 15.
a3 Bg4 16. h3 Bxh3 17. Nh4 Qf6 18. Nf3 Bg4 19. Nd5 Qg6 20. Ne3 e4 21. Nxg4 Qxg4
22. dxe4 Qh5 23. b4 Re6 24. Bb2 Rg6 25. Qd2 Qg4 26. Kf1 Bf4 27. Qc3 Qxg2+ 28.
Ke2 Re8 29. Nh4 Qxe4+ 30. Kd1 Rd8+ 0-1

[Event "AUTO-ADV-2522"]
[Site "http://www.queenalice.com/game.php?id=1103537"]
[Date "2012.9.16"]
[Round "2"]
[White "DORLISS"]
[Black "Pirituba"]
[Result "1-0"]
[WhiteElo "1876"]
[BlackElo "1885"]

1. e4 e5 2. Nf3 Nf6 3. Bc4 h6 4. O-O Nc6 5. Re1 Bc5 6. c3 Ng4 7. d4 exd4 8. Nxd4
Qh4 9. h3 Nxf2 10. Qe2 Nxd4 11. cxd4 Bxd4 12. Be3 Bxe3 13. Qxe3 O-O 14. Qxf2 d6
15. Nd2 Qg5 16. Nf3 Qg6 17. Nh4 Qh5 18. Kh1 Be6 19. Rac1 c6 20. Be2 Qe5 21. Nf5
Qxe4 22. Nxd6 Qb4 23. Nc4 Bxc4 24. Bxc4 Qa5 25. Re7 Qd8 26. Bxf7+ Rxf7 27. Qxf7+
1-0

[Event "Challenge"]
[Site "http://www.queenalice.com/game.php?id=1126391"]
[Date "2012.11.27"]
[Round "-"]
[White "Pirituba"]
[Black "MrDJRVD"]
[Result "1-0"]
[WhiteElo "1799"]
[BlackElo "1773"]

1. e4 c5 2. Nf3 d6 3. d4 cxd4 4. Nxd4 Nf6 5. Nc3 a6 6. Be2 g6 7. Be3 Bg7 8. O-O
O-O 9. f4 b5 10. e5 dxe5 11. fxe5 Nd5 12. Nxd5 Qxd5 13. Bf3 Qxe5 14. Bxa8 Qxe3+
15. Kh1 Qxd4 16. Qxd4 Bxd4 17. c3 Bf6 18. Rad1 Bg4 19. Rd2 Nd7 20. Bf3 Be6 21.
a3 Ne5 22. h3 Nxf3 23. Rxf3 Rc8 24. Rfd3 Kg7 25. Rd1 Rc6 26. Re3 Rc5 27. Red3 a5
28. Re3 Bd5 29. b4 axb4 30. cxb4 Bxg2+ 31. Kxg2 Rg5+ 32. Rg3 Re5 33. Rd7 Re2+
34. Kf1 Re5 35. Rgd3 h6 36. R7d5 Rxd5 37. Rxd5 g5 38. Rxb5 Bd4 39. a4 e5 40. Ke2
f5 41. a5 g4 42. hxg4 fxg4 43. Rb7+ Kg6 44. b5 Kg5 45. a6 Kh4 46. b6 g3 47. a7
g2 48. a8=Q g1=Q 49. Qd8+ Kh3 50. Qd7+ Kh2 51. Qc6 Qg4+ 52. Qf3 h5 53. Qxg4 hxg4
54. Rh7+ Kg2 55. b7 Ba7 56. Re7 g3 57. Rxe5 Kh2 58. Re8 g2 59. Kf3 Kh1 60. Rh8+
Kg1 61. Ke2 1-0

[Event "Challenge"]
[Site "http://www.queenalice.com/game.php?id=1145353"]
[Date "2013.1.26"]
[Round "-"]
[White "Pirituba"]
[Black "dejami"]
[Result "1-0"]
[WhiteElo "1814"]
[BlackElo "1611"]

1. e4 e5 2. Nf3 f6 3. Bc4 Ne7 4. d4 d6 5. dxe5 fxe5 6. Ng5 Qd7 7. Qh5+ g6 8. Qf3
Nf5 9. exf5 gxf5 10. Qh5+ Ke7 11. Qf7+ Kd8 12. Ne6+ Qxe6 13. Bxe6 Bxe6 14. Qf6+
Kd7 15. Qxh8 Nc6 16. Qxh7+ Be7 17. Nc3 Bg8 18. Qxf5+ Be6 19. Qh7 Bg8 20. Qe4 Rf8
21. Nd5 Bd8 22. Nb4 Ne7 23. Qxb7 a5 24. Qb5+ Ke6 25. Nc6 Rf5 26. Nxd8+ Kf6 27.
Qxa5 Nd5 28. O-O Ke7 29. Nc6+ Kd7 30. Na7 Kd8 31. Rd1 e4 32. g4 Re5 33. Nc6+ Kd7
34. Nxe5+ dxe5 35. c4 1-0

[Event "Challenge"]
[Site "http://www.queenalice.com/game.php?id=1146310"]
[Date "2013.1.28"]
[Round "-"]
[White "serard1"]
[Black "Pirituba"]
[Result "0-1"]
[WhiteElo "1130"]
[BlackElo "1797"]

1. g3 d5 2. Nf3 Nd7 3. b4 e5 4. Bh3 e4 5. Nh4 Be7 6. a3 Bxh4 7. gxh4 Qxh4 8. Bg2
Ngf6 9. O-O O-O 10. f3 exf3 11. exf3 Qd4+ 12. Rf2 Qxa1 13. Nc3 Nb6 14. Qf1 Bf5
15. Re2 Bxc2 16. a4 d4 17. Ne4 Bd3 18. Nxf6+ gxf6 19. Kf2 Bxe2 20. Qxe2 Qxc1 21.
f4 Rfe8 22. Qg4+ Kf8 23. Qh5 Qxd2+ 24. Kg3 Re3+ 25. Bf3 Ke7 26. Qc5+ Kd7 27. a5
Rg8+ 28. Kh4 Qxh2# 0-1

[Event "AUTO-OPEN-2971"]
[Site "http://www.queenalice.com/game.php?id=1173622"]
[Date "2013.4.20"]
[Round "1"]
[White "ORIONN"]
[Black "Pirituba"]
[Result "0-1"]
[WhiteElo "1703"]
[BlackElo "1820"]

1. d4 d5 2. Nf3 Nc6 3. e3 Bg4 4. Be2 e6 5. O-O Bd6 6. h3 Bf5 7. Bd3 Nge7 8. Nc3
O-O 9. e4 dxe4 10. Nxe4 Bb4 11. c3 Ba5 12. Nh4 h6 13. Nxf5 exf5 14. Ng3 Qd7 15.
Qf3 Bb6 16. Nxf5 Nxf5 17. Qxf5 Qxf5 18. Bxf5 Ne7 19. Bd3 Nd5 20. a3 Rfe8 21. c4
Nf6 22. c5 Ba5 0-1

[Event "AUTO-OPEN-2971"]
[Site "http://www.queenalice.com/game.php?id=1173623"]
[Date "2013.4.20"]
[Round "1"]
[White "Pirituba"]
[Black "ORIONN"]
[Result "1-0"]
[WhiteElo "1820"]
[BlackElo "1703"]

1. e4 d6 2. d4 g6 3. Bc4 Bg7 4. Nf3 e6 5. Nc3 Nd7 6. O-O Ngf6 7. Re1 O-O 8. Bg5
h6 9. Bh4 Qe8 10. a3 a6 11. b4 e5 12. Bxf6 Nxf6 13. dxe5 dxe5 14. Nd5 Nxd5 15.
Bxd5 c6 16. Ba2 Be6 17. Bxe6 Qxe6 18. h3 Rad8 19. Qe2 Rd7 20. Rad1 Rfd8 21. Rd2
Qa2 22. Red1 1-0

[Event "AUTO-OPEN-2971"]
[Site "http://www.queenalice.com/game.php?id=1173666"]
[Date "2013.4.20"]
[Round "1"]
[White "Pirituba"]
[Black "TITAN10"]
[Result "0-1"]
[WhiteElo "1838"]
[BlackElo "1797"]

1. e4 c5 2. Nf3 d6 3. Bc4 Bg4 4. h3 Bh5 5. Ne5 Bg6 6. Nc3 dxe5 7. Bb5+ Nc6 8.
O-O a6 9. Ba4 b5 10. Bxb5 axb5 11. d3 b4 12. Nd5 e6 13. Ne3 Be7 14. Ng4 Nf6 15.
Bg5 Nxg4 16. Bxe7 Qxe7 17. Qxg4 h5 18. Qd1 Qg5 19. c3 Rd8 20. Qa4 Rc8 21. Qa6
O-O 22. cxb4 Nxb4 23. Qc4 Qe7 24. a3 Nc6 25. Rac1 Nd4 26. Rfe1 Rfd8 27. a4 Rb8
28. Qxc5 Qd6 29. Qxd6 Rxd6 30. a5 Ra6 31. Rc5 Nb3 32. Rxe5 Nd4 33. Ra1 Nb3 34.
Ra3 f6 35. Rxb3 Rxb3 36. Kf1 fxe5 37. g3 Rxb2 38. Kg2 Rxa5 39. Kf3 Raa2 40. g4
Rxf2+ 41. Kg3 hxg4 42. Kxg4 Rg2+ 43. Kh4 Bh7 44. Kh5 Ra3 45. h4 Rh2 46. d4 exd4
47. e5 d3 48. Kg4 d2 0-1

[Event "AUTO-OPEN-2971"]
[Site "http://www.queenalice.com/game.php?id=1173667"]
[Date "2013.4.20"]
[Round "1"]
[White "TITAN10"]
[Black "Pirituba"]
[Result "1-0"]
[WhiteElo "1778"]
[BlackElo "1857"]

1. e4 e5 2. Nf3 Nf6 3. Nxe5 Qe7 4. Nf3 Qxe4+ 5. Be2 Be7 6. d3 Qc6 7. O-O O-O 8.
Nc3 Re8 9. Re1 d6 10. Bf4 Nbd7 11. Ne4 Nxe4 12. dxe4 Qxe4 13. Bg3 Bf6 14. Bd3
Qxe1+ 15. Nxe1 Bxb2 16. Rb1 Bc3 17. Be2 Nf6 18. f3 Be6 19. Qd3 Bxe1 20. Rxe1
Bxa2 21. c4 a6 22. Bd1 Rxe1+ 23. Bxe1 Re8 24. Bf2 Nh5 25. Bc2 g6 26. g3 Nf6 27.
h4 b6 28. Kf1 d5 29. cxd5 Bxd5 30. Qc3 c6 31. Bxb6 Nh5 32. Bf2 Re6 33. Ba4 Nf6
34. Bd4 Nh5 35. Kf2 Kf8 36. Bb3 Bxb3 37. Qxb3 Ng7 38. Qb8+ Ne8 39. Qb4+ Nd6 40.
Qb8+ Ne8 41. Bc5+ Kg7 42. Qb2+ Kg8 43. Qb6 Nd6 44. Qd8+ Kg7 45. Bxd6 a5 46. Ba3
a4 47. Qd4+ Kg8 48. Bb2 f6 49. Qd7 1-0

[Event "Let's Play Chess!"]
[Site "http://www.queenalice.com/game.php?id=1212032"]
[Date "2013.8.28"]
[Round "-"]
[White "Ditto"]
[Black "Pirituba"]
[Result "0-1"]
[WhiteElo "1742"]
[BlackElo "1831"]

1. e4 e5 2. Nf3 Nf6 3. Bc4 Nxe4 4. O-O d6 5. Re1 Bg4 6. d3 Nc5 7. Bg5 Be7 8. Be3
Nbd7 9. Nc3 O-O 10. Nd5 Re8 11. h3 Bh5 12. a3 e4 13. dxe4 Nxe4 14. Bd3 Bf6 15.
Nf4 Bxf3 16. Qxf3 Bxb2 17. Ra2 Bc3 18. Rd1 Ne5 19. Bb5 Nxf3+ 20. gxf3 c6 21. Ba4
Ng5 22. Bb3 Nxf3+ 23. Kh1 Ng5 24. Bc4 b5 25. Bb3 a6 26. Bc5 Be5 27. Be3 Bxf4 28.
Bxf4 d5 29. c3 Nxh3 30. Bg3 Qf6 31. Kg2 Ng5 32. Bc2 Re2 33. Bxh7+ Kxh7 34. Rxe2
Qxc3 35. Bd6 Qh3+ 36. Kg1 Nf3# 0-1

[Event "AUTO-OPEN-3193"]
[Site "http://www.queenalice.com/game.php?id=1258292"]
[Date "2014.2.20"]
[Round "1"]
[White "kakukei"]
[Black "Pirituba"]
[Result "1-0"]
[WhiteElo "2428"]
[BlackElo "1889"]

1. d4 d5 2. c4 dxc4 3. e4 e5 4. Nf3 exd4 5. Bxc4 Nc6 6. O-O Qf6 7. Bg5 Qg6 8.
Bd5 Nge7 9. Qb3 Nd8 10. Na3 c6 11. Rae1 f6 12. Bf4 Qg4 13. Bg3 cxd5 14. Nb5 Kf7
15. exd5 Kg6 16. Nd6 Nf5 17. Nxf5 Bxf5 18. h3 Qh5 19. Nh4+ Kf7 20. d6+ Be6 21.
Rxe6 Nxe6 22. Qxb7+ Kg8 23. Qxa8 d3 24. d7 g6 25. d8=N Nxd8 26. Qxd8 Qe2 27.
Qxf6 d2 28. Qd4 Bh6 29. Qd5+ Kf8 30. Nf3 Bg7 31. Qd8+ Qe8 32. Bd6+ Kf7 33. Ng5+
Kg8 34. Qxe8+ 1-0

[Event "AUTO-OPEN-3193"]
[Site "http://www.queenalice.com/game.php?id=1258304"]
[Date "2014.2.20"]
[Round "1"]
[White "cdepalma1"]
[Black "Pirituba"]
[Result "0-1"]
[WhiteElo "2054"]
[BlackElo "1843"]

1. d4 d5 2. c4 dxc4 3. Qa4+ Nc6 4. Qxc4 Qxd4 5. e3 Qxc4 6. Bxc4 Nb4 7. Na3 a6 8.
Bd2 e6 9. Nf3 b5 10. Bb3 Bb7 11. O-O Nd3 12. Bc3 b4 13. Rfd1 O-O-O 14. Bc4 bxc3
15. bxc3 Nb2 16. Rxd8+ Kxd8 17. Ne5 Bxa3 18. Nxf7+ Ke7 19. Bxe6 Nf6 20. Nxh8
Kxe6 21. f4 Ne4 22. Rf1 Nxc3 23. f5+ Kf6 24. g4 Nd3 25. h4 Ne2+ 26. Kh2 Bd6+ 27.
Kh3 Ng1+ 28. Rxg1 Nf2# 0-1

[Event "AUTO-OPEN-3193"]
[Site "http://www.queenalice.com/game.php?id=1258305"]
[Date "2014.2.20"]
[Round "1"]
[White "Pirituba"]
[Black "cdepalma1"]
[Result "1-0"]
[WhiteElo "1867"]
[BlackElo "2023"]

1. e4 c5 2. Nf3 Nc6 3. d4 cxd4 4. Nxd4 Nf6 5. Nc3 e5 6. Ndb5 a6 7. Nd6+ Bxd6 8.
Qxd6 Qe7 9. Qxe7+ Nxe7 10. Bc4 b5 11. Bd3 h6 12. b4 O-O 13. a4 bxa4 14. Bd2 Bb7
15. f3 d5 16. exd5 Nfxd5 17. Nxa4 Bc6 18. Nc5 Bb5 19. c4 Rfd8 20. Kf2 Nf4 21.
Bxf4 exf4 22. cxb5 axb5 23. Rxa8 Rxa8 24. Re1 Nd5 25. Na6 Ne3 26. Bxb5 Nc2 27.
Rd1 Ne3 28. Rd4 g5 29. Be2 Re8 30. b5 Nf5 31. Rd7 Re6 32. Nc5 Rb6 33. Rd8+ Kg7
34. Nd7 Re6 35. b6 Nd6 36. Bc4 Rg6 37. Rc8 g4 38. fxg4 Rxg4 39. Rc6 Ne4+ 40. Kf3
f5 41. b7 Ng5+ 42. Kf2 Ne4+ 43. Kg1 f3 44. Bf1 Ng5 45. Kf2 fxg2 46. Bxg2 Rf4+
47. Kg1 Rb4 48. b8=Q Rxb8 49. Nxb8 f4 50. Kf2 h5 51. Rc4 h4 52. Rxf4 h3 53. Rg4
Kh6 54. Bf3 Kh5 55. Nd7 Kh6 56. Nf6 Kg6 57. Ne4 1-0

[Event "Challenge"]
[Site "http://www.queenalice.com/game.php?id=1286974"]
[Date "2014.6.9"]
[Round "-"]
[White "alexferreira"]
[Black "Pirituba"]
[Result "1-0"]
[WhiteElo "1959"]
[BlackElo "1887"]

1. d4 d5 2. g3 Nf6 3. Bg2 e6 4. Nf3 Nc6 5. Bg5 h6 6. Bxf6 Qxf6 7. c3 Bd6 8. O-O
O-O 9. Nbd2 Re8 10. Nb3 Bd7 11. Nfd2 Ne7 12. e4 Bb5 13. Re1 Ba4 14. e5 Bxb3 15.
Nxb3 Nf5 16. exf6 gxf6 17. Re2 b6 18. Qe1 Ng7 19. Rd1 Nf5 20. Bxd5 exd5 21.
Rxe8+ Rxe8 22. Qxe8+ Kg7 23. Re1 a6 24. Nd2 a5 25. f4 Bf8 26. Qc6 Bd6 27. Qxd5
Ne7 28. Qf3 Nf5 29. Qg4+ Kf8 30. Qxf5 Kg7 31. Ne4 Bf8 32. Qxf6+ Kg8 33. Qd8 1-0

[Event "Challenge"]
[Site "http://www.queenalice.com/game.php?id=1286975"]
[Date "2014.6.9"]
[Round "-"]
[White "Pirituba"]
[Black "alexferreira"]
[Result "0-1"]
[WhiteElo "1821"]
[BlackElo "2014"]

1. e4 d5 2. exd5 Qxd5 3. Nc3 Qe6+ 4. Be2 c6 5. Nf3 g6 6. O-O Bg7 7. Re1 Qd6 8.
Bc4 Nf6 9. Ng5 O-O 10. Nxf7 Rxf7 11. Bxf7+ Kxf7 12. h3 Bf5 13. d3 Nbd7 14. a3
Re8 15. b4 Kg8 16. Bg5 Ne5 17. b5 c5 18. a4 b6 19. Re2 Nfd7 20. Bf4 Qd4 21. Qd2
Bh8 22. Rae1 Bf6 23. Ne4 Bxe4 24. dxe4 Qxd2 25. Bxd2 Nc4 26. Bh6 Bc3 27. Rd1
Nde5 28. Bf4 Nb2 29. Rd5 Nbc4 30. Bxe5 Bxe5 31. Rd7 Bb8 32. f3 Nb2 33. Red2 Nc4
34. Rd8 Kf8 35. Rxe8+ Kxe8 36. Rd5 Ne3 37. Rd2 Bf4 0-1

[Event "Challenge"]
[Site "http://www.queenalice.com/game.php?id=1289559"]
[Date "2014.6.20"]
[Round "-"]
[White "Leofelix"]
[Black "Pirituba"]
[Result "1-0"]
[WhiteElo "1849"]
[BlackElo "1856"]

1. e4 e5 2. Nf3 Nf6 3. Nxe5 Qe7 4. d4 d6 5. Nf3 Qxe4+ 6. Qe2 Bg4 7. Qxe4+ Nxe4
8. Be2 Nc6 9. c3 Be7 10. h3 Bh5 11. Nbd2 Nxd2 12. Bxd2 O-O 13. O-O Rfe8 14. g4
Bg6 15. Rfe1 Be4 16. Ng5 Bg6 17. Bb5 a6 18. Bxc6 bxc6 19. Bf4 Rab8 20. Re3 Rxb2
21. Rae1 Rxa2 22. Rxe7 Rxe7 23. Rxe7 Rc2 24. Re8# 1-0

[Event "Challenge"]
[Site "http://www.queenalice.com/game.php?id=1289560"]
[Date "2014.6.20"]
[Round "-"]
[White "Leofelix"]
[Black "Pirituba"]
[Result "1-0"]
[WhiteElo "1831"]
[BlackElo "1874"]

1. e4 e5 2. Nf3 Nf6 3. Nc3 d6 4. d4 exd4 5. Qxd4 Nc6 6. Qd1 Bg4 7. h3 Bh5 8. g4
Bg6 9. Bd3 Be7 10. Qe2 O-O 11. g5 Nd7 12. h4 f6 13. h5 Bf7 14. g6 hxg6 15. hxg6
Bxg6 16. Be3 Nde5 17. Nxe5 dxe5 18. Bc4+ Bf7 19. Bxf7+ Rxf7 20. Qh5 Rf8 21. Bh6
Nd4 22. O-O-O Bb4 23. Bxg7 1-0